Essentials of finance : An integrated approach
Understanding that, for the majority of students, taking corporate finance may be their only exposure to the discipline, Essentials of Finance offers a broader perspective of finance, including corporate, investments, and financial markets and institutions. The first of its kind, this text recognize...
Đã lưu trong:
| Príomhúdar: | |
|---|---|
| Formáid: | Leabhar |
| Teanga: | Undetermined |
| Foilsithe: |
London
Prentice-Hall
1995
|
| Ábhair: | |
| Clibeanna: |
Cuir Clib Leis
Gan Chlibeanna, Bí ar an gcéad duine leis an taifead seo a chlibeáil!
|
| Thư viện lưu trữ: | Trung tâm Học liệu Trường Đại học Cần Thơ |
|---|
| LEADER | 01321nam a2200217Ia 4500 | ||
|---|---|---|---|
| 001 | CTU_23872 | ||
| 008 | 210402s9999 xx 000 0 und d | ||
| 020 | |c 213000 | ||
| 082 | |a 658.15 | ||
| 082 | |b G169 | ||
| 100 | |a Gallinger, George W. | ||
| 245 | 0 | |a Essentials of finance : | |
| 245 | 3 | |b An integrated approach | |
| 245 | 0 | |c George W. Gallinger, Jerry B. Poe | |
| 260 | |a London | ||
| 260 | |b Prentice-Hall | ||
| 260 | |c 1995 | ||
| 520 | |a Understanding that, for the majority of students, taking corporate finance may be their only exposure to the discipline, Essentials of Finance offers a broader perspective of finance, including corporate, investments, and financial markets and institutions. The first of its kind, this text recognizes that finance touches many aspects of business and everyday life, making it important for students in all business disciplines to have a broader understanding of finance. With an integrative approach, this unique text provides both majors and non-majors with a working knowledge of the terms, environment, and mechanics of finance and financial decision making, giving them an understanding of the importance of concepts related to creating shareholder value. | ||
| 650 | |a Finance | ||
| 904 | |i Phượng | ||
| 980 | |a Trung tâm Học liệu Trường Đại học Cần Thơ | ||